Final declaration: VI conference of heads of state or government of non-aligned countries (Record no. 503862)

000 -LEADER
fixed length control field 00367cam a22001097a 4500
008 - FIXED-LENGTH DATA ELEMENTS--GENERAL INFORMATION
fixed length control field 180718b1979 xxu||||| |||| 00| 0 eng d
082 ## - DEWEY DECIMAL CLASSIFICATION NUMBER
Classification number D45 So12f
245 ## - TITLE STATEMENT
Title Final declaration: VI conference of heads of state or government of non-aligned countries
Statement of responsibility, etc. edited by De Ciencias Sociales
260 ## - PUBLICATION, DISTRIBUTION, ETC.
Place of publication, distribution, etc. Cuba
Name of publisher, distributor, etc. Havana
Date of publication, distribution, etc. 1979
300 ## - PHYSICAL DESCRIPTION
Extent 340p.
700 ## - ADDED ENTRY--PERSONAL NAME
Personal name Sociales,De Ciencias
Holdings
Withdrawn status Lost status Damaged status Not for loan Permanent Location Current Location Date acquired Full call number Barcode Date last seen Price effective from Koha item type
        Indian Institute of Public Administration Indian Institute of Public Administration 2018-08-04 D45 So12f GR20033 2018-08-04 2018-08-04 GR

Powered by Koha